000 00863nam a22002297a 4500
005 20100802131753.0
010 _aENG-97617
020 _a9789380096728
_c795.00
035 _aEN-81150
037 _bDBAD/PUB
082 _a305.42095422
245 _aEntrepreneurship and women empowerment /
_cedited by Ramesh Bhandari
260 _aNew Delhi
_bAlfa Publications
_c2010
270 _a4398/5, Ansari Road, Daryaganj,
_bNew Delhi
300 _avi, 272p.
_c22cm (Hb)
500 _aIncludes bibliographical references and index
650 _aWoman Empawerment
_95028
650 _aWoman And Entrepreneurship
_95029
700 _aBhandari, Ramesh
_94125
942 _2ddc
_cEN
_h305.42095422
_mENT
999 _c38630
_d38630